| 000 | 00753cam a22002653a 4500 | ||
|---|---|---|---|
| 001 | 1329 | ||
| 003 | PGUSA | ||
| 005 | 20140828083000.0 | ||
| 008 | 980501s1998||||xxu|||||s|||||000 1 eng d | ||
| 040 |
_aPGUSA _beng |
||
| 042 | _adc | ||
| 050 | 4 | _aPR | |
| 100 | 1 |
_aLindsay, David, _d1876-1945 |
|
| 245 | 1 | 2 |
_aA Voyage to Arcturus _h[electronic resource] / _cDavid Lindsay |
| 260 |
_bProject Gutenberg, _c1998 |
||
| 506 | _aPublic domain in the USA. | ||
| 516 | _aElectronic text | ||
| 653 | _aQuests (Expeditions) -- Fiction | ||
| 653 | _aScience fiction | ||
| 653 | _aPsychological fiction | ||
| 653 | _aLife on other planets -- Fiction | ||
| 830 | 0 |
_aProject Gutenberg _v1329 |
|
| 856 | 4 | 0 | _uhttp://www.gutenberg.org/ebooks/1329 |
| 942 | _cEB | ||
| 999 |
_c230677 _d230677 |
||